000
00210 a2200097 4500
001
10115
100
_a
Lenczowski, G
245
_a
Middle east in world affairs.
260
_a
_b
Cornell
_c
090
_c
7864
_d
7864
942
_a
NUST-CAE
_c
M
_c
34560
999
_c
245188
_d
245188